[Event "World Rapid 2019"]
[Site "Moscow RUS"]
[Date "2019.12.27"]
[Round "6.62"]
[White "Bosiocic, Marin"]
[Black "Makarian, Rudik"]
[Result "0-1"]
[WhiteTitle "GM"]
[BlackTitle "IM"]
[WhiteElo "2623"]
[BlackElo "2397"]
[WhiteFideId "14507927"]
[BlackFideId "44105681"]
[EventDate "2019.12.26"]

1. d4 Nf6 2. Nf3 g6 3. g3 Bg7 4. Bg2 c5 5. dxc5 Qa5+ 6. c3 Qxc5 7. O-O O-O 8.
Na3 a6 9. Be3 Qc7 10. Qb3 b5 11. c4 bxc4 12. Nxc4 Nc6 13. Bb6 Qb8 14. Nd4 Nxd4
15. Bxd4 Qxb3 16. axb3 Rb8 17. Na5 Ne8 18. Bxg7 Kxg7 19. Rfc1 f5 20. f4 Rf6 21.
Ra4 Rfb6 22. e4 fxe4 23. Rxe4 Kf6 24. g4 Nd6 25. Re5 Rb4 26. g5+ Kf7 27. Bd5+ e6
28. Bc4 Nxc4 29. Nxc4 Bb7 30. Rc5 Bd5 31. Ne5+ Ke7 32. Rc7 R8b7 33. Nxd7 Rxc7
34. Rxc7 Kd6 35. Ra7 Bb7 36. Nf8 Rxb3 37. Nxh7 Rxb2 38. Nf8 Kc7 39. Nxg6 Kb8 40.
Rxb7+ Rxb7 41. Ne5 Rc7 42. h4 a5 43. Nd3 a4 44. g6 a3 45. Nb4 Rg7 46. h5 Kc7 47.
Kf2 Kd6 48. Ke3 Ke7 49. f5 exf5 50. Kf4 Kf6 51. Nd5+ Ke6 52. Nc3 Kf6 53. Nd5+
Ke6 54. Nc3 Rc7 55. h6 Rc4+ 56. Kg5 Rxc3 57. h7 a2 58. h8=Q a1=Q 59. Qf6+ Kd5
60. Qxf5+ Kc4 61. Qe6+ Kb5 62. Qe8+ Rc6 63. Qb8+ Rb6 64. Qe8+ Rc6 65. Qb8+ Kc5
66. Qf8+ Kc4 67. Qg8+ Kc5 68. Qf8+ Rd6 69. Qc8+ Kd5 70. Qb7+ Rc6 71. Qf7+ Kc5
72. Qf8+ Kc4 73. Qg8+ Kb4 74. Qb8+ Kc5 75. Qf8+ Rd6 76. Qc8+ Kd5 77. Qb7+ Rc6
78. Qd7+ Kc5 79. Qe7+ Kb6 80. Qd8+ Kb7 81. Qe7+ Kb6 82. Qd8+ Kb7 83. Qe7+ Rc7
84. Qe4+ Ka7 85. Qe3+ Kb7 86. Qe4+ Rc6 87. Qe7+ Ka6 88. Qe2+ Kb6 89. Qe8 Qf6+
90. Kh6 Qf4+ 91. Kh7 Rc7+ 92. Kg8 Qc4+ 93. Qf7 Qd4 94. Qb3+ Ka7 95. Qf7 Qd8+ 96.
Qf8 Qd5+ 97. Qf7 Qa8+ 98. Kg7 Kb6 99. Kh7 0-1

[Event "World Rapid 2019"]
[Site "Moscow RUS"]
[Date "2019.12.27"]
[Round "6.63"]
[White "Korobov, Anton"]
[Black "Salgado Lopez, Ivan"]
[Result "1/2-1/2"]
[WhiteTitle "GM"]
[BlackTitle "GM"]
[WhiteElo "2668"]
[BlackElo "2605"]
[WhiteFideId "14105730"]
[BlackFideId "2257327"]
[EventDate "2019.12.26"]

1. d4 Nf6 2. Nf3 b6 3. Bg5 Bb7 4. Nbd2 g6 5. e3 Bg7 6. Bd3 d6 7. h3 Nbd7 8. e4
e5 9. c3 O-O 10. O-O h6 11. Bh4 Qe8 12. Re1 Nh5 13. a4 a6 14. Qc2 g5 15. Bg3
Nxg3 16. fxg3 exd4 17. cxd4 c5 18. Nc4 Qe7 19. d5 b5 20. Ne3 c4 21. Bf1 Qf6 22.
Rab1 Nc5 23. Nf5 Bc8 24. Nxg7 Kxg7 25. axb5 axb5 26. Qc3 Qxc3 27. bxc3 Bd7 28.
e5 Rfe8 29. exd6 Rxe1 30. Rxe1 Ra6 31. Nd4 Rxd6 32. Rb1 Na4 33. Nxb5 Bxb5 34.
Rxb5 Nxc3 1/2-1/2

[Event "World Rapid 2019"]
[Site "Moscow RUS"]
[Date "2019.12.27"]
[Round "6.64"]
[White "Shcherbakov, Ruslan"]
[Black "Yu, Yangyi"]
[Result "0-1"]
[WhiteTitle "GM"]
[BlackTitle "GM"]
[WhiteElo "2527"]
[BlackElo "2738"]
[WhiteFideId "4102240"]
[BlackFideId "8603820"]
[EventDate "2019.12.26"]

1. e4 e5 2. Nf3 Nc6 3. Bc4 Nf6 4. d3 Be7 5. O-O O-O 6. Re1 d6 7. a4 Be6 8. a5 a6
9. Nbd2 Nd7 10. c3 Bg5 11. b4 Bxd2 12. Qxd2 Bxc4 13. dxc4 Qe7 14. Qd3 Nd8 15.
Bg5 f6 16. Be3 Ne6 17. Rad1 Rf7 18. Nd2 Ndf8 19. Nf1 Rd8 20. Ng3 g6 21. Bc1 Qe8
22. Qd5 c6 23. Qd3 Rfd7 24. Rf1 Qf7 25. f4 d5 26. cxd5 cxd5 27. Qe2 exf4 28.
Bxf4 Nxf4 29. Rxf4 d4 30. cxd4 Rxd4 31. Rdf1 Nd7 32. b5 Qe6 33. bxa6 bxa6 34. h4
Rc8 35. h5 Rc3 36. R4f3 Rxf3 37. Qxf3 Kg7 38. Rc1 Ne5 39. Rc7+ Rd7 40. Qc3 Qd6
41. Rxd7+ Qxd7 42. hxg6 hxg6 43. Ne2 Qd1+ 44. Kf2 Ng4+ 45. Kf3 Qf1+ 46. Kxg4
Qxe2+ 47. Qf3 Qd2 48. e5 Qd7+ 49. Kg3 fxe5 50. Qe4 Qd6 51. Qb7+ Kf6 52. Qb6 Ke6
53. Qb3+ Kf6 54. Qb6 Qe6 55. Kf2 Kf5 56. Ke3 Qc4 57. Qb1+ Kg5 58. Qb6 Kf5 59.
Qb1+ e4 60. Qb6 g5 61. Kf2 Kg4 62. Kg1 Qc1+ 63. Kh2 Qf4+ 64. Kg1 Kg3 65. Qb3+ e3
66. Qc2 Qf2+ 67. Qxf2+ exf2+ 68. Kf1 g4 0-1

[Event "World Rapid 2019"]
[Site "Moscow RUS"]
[Date "2019.12.27"]
[Round "6.65"]
[White "Zarnicki, Pablo"]
[Black "Matlakov, Maxim"]
[Result "0-1"]
[WhiteTitle "GM"]
[BlackTitle "GM"]
[WhiteElo "2514"]
[BlackElo "2699"]
[WhiteFideId "100137"]
[BlackFideId "4168003"]
[EventDate "2019.12.26"]

1. e4 c5 2. Nf3 d6 3. Bb5+ Nd7 4. d4 cxd4 5. Qxd4 a6 6. Bxd7+ Bxd7 7. Bg5 Rc8 8.
Nc3 h6 9. Bh4 e5 10. Qd3 g5 11. Bg3 Nf6 12. h4 g4 13. Nd2 Be6 14. h5 Qa5 15. a3
Rg8 16. O-O-O b5 17. Nd5 Nxd5 18. exd5 Bd7 19. Ne4 Be7 20. Bh4 f5 21. Bxe7 Kxe7
22. Ng3 Rg5 23. Kb1 Qa4 24. Rhe1 Qf4 25. Rd2 Rc4 26. c3 Rg8 27. Nf1 a5 28. g3
Qf3 29. Qxf3 gxf3 30. Rd3 f4 31. Kc1 Bf5 32. Rxf3 Be4 33. Rxf4 exf4 34. Nd2 fxg3
35. fxg3 Rg4 36. b3 Rxc3+ 37. Kd1 Rd3 0-1

[Event "World Rapid 2019"]
[Site "Moscow RUS"]
[Date "2019.12.27"]
[Round "6.66"]
[White "Wojtaszek, Radoslaw"]
[Black "Kryakvin, Dmitry"]
[Result "1-0"]
[WhiteTitle "GM"]
[BlackTitle "GM"]
[WhiteElo "2725"]
[BlackElo "2596"]
[WhiteFideId "1118358"]
[BlackFideId "4153278"]
[EventDate "2019.12.26"]

1. d4 Nf6 2. c4 g6 3. Nc3 Bg7 4. e4 d6 5. Nf3 O-O 6. Be2 c5 7. O-O Nc6 8. d5 Na5
9. Bg5 h6 10. Bd2 e5 11. a3 b6 12. g3 Bg4 13. b3 a6 14. Rb1 Rb8 15. Re1 Nh7 16.
Nh4 Bd7 17. Bd3 Ng5 18. Kh1 Bf6 19. Qe2 Kg7 20. f3 Nh3 21. Ng2 h5 22. Qe3 Rh8
23. Ne2 h4 24. f4 hxg3 25. Qxg3 exf4 26. Nexf4 Nxf4 27. Nxf4 Be5 28. Rg1 Qh4 29.
Bc2 Qxg3 30. Rxg3 Rh4 31. Rf1 Rbh8 32. Rf2 Nb7 33. Bc3 Bxc3 34. Rxc3 b5 35. Rg3
bxc4 36. bxc4 Na5 37. Bd3 Rb8 38. Kg2 Rb3 39. Bf1 Ba4 40. Bd3 Rh6 41. Rgf3 Be8
42. Bf1 Rxf3 43. Rxf3 Ba4 44. Nh3 Rh5 45. Be2 Re5 46. Nf2 Nb3 47. Bd1 Rg5+ 48.
Rg3 Rxg3+ 49. hxg3 Kf6 50. Ng4+ Kg5 51. Nh2 f5 52. Nf3+ Kf6 53. exf5 Kxf5 54.
Bc2+ Kf6 55. Kf2 Nd2 56. Bxa4 Nxc4 57. Bb3 Nxa3 58. Nd2 Nb5 59. Ke3 Nd4 60. Ke4
a5 61. Bd1 Nb5 62. Kd3 Na3 63. Ba4 Ke5 64. Bc6 a4 65. Kc3 Kf5 66. Kb2 1-0

[Event "World Rapid 2019"]
[Site "Moscow RUS"]
[Date "2019.12.27"]
[Round "6.67"]
[White "Glek, Igor"]
[Black "Guliyev, Namig"]
[Result "1/2-1/2"]
[WhiteTitle "GM"]
[BlackTitle "GM"]
[WhiteElo "2467"]
[BlackElo "2548"]
[WhiteFideId "4100484"]
[BlackFideId "13400363"]
[EventDate "2019.12.26"]

1. e4 c5 2. Nf3 e6 3. Nc3 d6 4. d4 cxd4 5. Nxd4 Nf6 6. Be2 a6 7. a4 b6 8. f4 Bb7
9. Bf3 Qc7 10. g4 Nc6 11. g5 Nd7 12. Nde2 g6 13. h4 Bg7 14. h5 Rg8 15. Be3 O-O-O
16. Qd2 Nc5 17. Kf2 f6 18. hxg6 hxg6 19. gxf6 Bxf6 20. Ng3 g5 21. fxg5 Bxc3 22.
Qxc3 Ne5 23. Bg2 d5 24. Rh4 Rdf8+ 25. Ke2 Ng6 26. Rg4 Kb8 27. b4 Ne5 28. Rf4 Nc4
29. Raf1 Rxf4 30. Bxf4 e5 31. bxc5 exf4 32. exd5 Qxc5 33. Ne4 Qe3+ 34. Qxe3 Nxe3
35. Rxf4 Nxg2 36. Rg4 Bxd5 37. Nf6 Nf4+ 38. Ke3 Be6 39. Kxf4 Rc8 40. Rg2 Rc5 41.
Ne4 Rf5+ 42. Ke3 Re5 43. Kd4 Rd5+ 44. Kc3 Re5 45. Nf6 Rf5 46. Kd4 Kc7 47. c4 Bf7
48. Nd5+ Bxd5 49. cxd5 Kd6 50. g6 Rxd5+ 51. Ke4 Re5+ 52. Kf4 Re8 53. g7 Rg8 54.
Kf5 Kc5 55. Kf6 b5 56. a5 Kb4 57. Kf7 Rxg7+ 58. Kxg7 Kxa5 59. Kf6 Kb4 60. Ke5
Kc3 61. Kd5 a5 62. Rg3+ Kb4 63. Rg4+ Kb3 64. Kc5 b4 65. Kb5 Ka3 66. Kxa5 b3 67.
Rg3 Ka2 68. Kb4 b2 69. Ra3+ Kb1 70. Rh3 Ka2 71. Rh2 Ka1 1/2-1/2

[Event "World Rapid 2019"]
[Site "Moscow RUS"]
[Date "2019.12.27"]
[Round "6.69"]
[White "Christiansen, Johan-Sebastian"]
[Black "Sanal, Vahap"]
[Result "0-1"]
[WhiteTitle "GM"]
[BlackTitle "GM"]
[WhiteElo "2597"]
[BlackElo "2549"]
[WhiteFideId "1512668"]
[BlackFideId "6300545"]
[EventDate "2019.12.26"]

1. c4 g6 2. Nc3 Bg7 3. Nf3 d6 4. d4 Nf6 5. g3 O-O 6. Bg2 Nc6 7. O-O a6 8. d5 Na5
9. b3 c5 10. dxc6 Nxc6 11. Bb2 Qa5 12. Qc1 Bd7 13. Rd1 Rfc8 14. Nd5 Nxd5 15.
Bxg7 Kxg7 16. Rxd5 Qc7 17. h4 Be6 18. Rd2 f6 19. Qb2 Rab8 20. Rc1 Qa5 21. Rdd1
h6 22. Rc3 Bf7 23. a3 Qb6 24. Bh3 Rc7 25. Qd2 a5 26. Bg2 Qc5 27. Qb2 Qb6 28. Rc2
Qc5 29. Nd2 Qe5 30. Ne4 Qxb2 31. Rxb2 a4 32. bxa4 Ne5 33. Nd2 Ra8 34. Rb4 Nc6
35. Rxb7 Rxb7 36. Bxc6 Rba7 37. Bxa8 Rxa8 38. Rb1 Rxa4 39. Rb7 Kf8 40. Rb8+ Kg7
41. Rb7 Kf8 42. Rb8+ Kg7 43. Rb7 Kf8 44. Rb8+ Be8 45. Rb3 Bf7 46. Rc3 Ke8 47. f3
Kd7 48. c5 d5 49. e3 e5 50. c6+ Kc7 51. Kf2 Be8 52. f4 d4 53. exd4 exd4 54. Rc4
Rxc4 55. Nxc4 Kxc6 56. Nd2 Kd5 57. g4 Bd7 58. Kf3 Ba4 59. Kg3 Bd1 60. Kh3 d3 61.
Kg3 Kd4 62. g5 fxg5 63. hxg5 hxg5 64. fxg5 Ke3 65. Nc4+ Ke2 66. Nb2 Bc2 67. Kf4
d2 68. a4 Bd3 69. a5 Ba6 70. Ke5 Ke3 71. Kf6 Kd4 72. Kxg6 Be2 73. a6 Bxa6 74.
Kf6 Be2 75. g6 Kc3 76. g7 Kxb2 77. g8=Q d1=Q 78. Qb8+ Kc2 79. Qc7+ Kb3 80. Qb6+
Ka4 81. Qa7+ Kb4 82. Qe7+ Kc3 83. Qa3+ Kd2 84. Qa5+ Ke3 85. Qc5+ Kf3 86. Qh5+
Kg3 87. Qe5+ Kg2 88. Qg5+ Bg4 89. Qf4 Qd7 90. Qe4+ Bf3 91. Qg6+ Kf2 92. Qc2+ Kg3
93. Qg6+ Bg4 94. Qf7 Qd4+ 95. Ke7 Qe5+ 96. Kf8 Qe4 97. Kg7 Bf5 98. Qc7+ Kg4 99.
Qf7 Kf4 100. Qc7+ Kg5 101. Qg3+ Bg4 102. Qd6 Qb7+ 103. Kh8 Qb2+ 104. Kg8 Qb3+
105. Kf8 Qf3+ 106. Kg7 Qb7+ 107. Kf8 Qc8+ 108. Kg7 Qc3+ 109. Kg8 Bf5 110. Qe7+
Kh5 111. Qe2+ Kh6 112. Qh2+ Kg5 113. Qg2+ Kh5 114. Qh2+ Bh3 115. Qe2+ Kh6 116.
Qa6+ Kg5 117. Qb5+ Bf5 118. Kf8 Qf6+ 119. Ke8 Qe6+ 120. Kf8 Kh6 121. Qb2 Qd6+
122. Kg8 Be6+ 123. Kh8 Qf8# 0-1

[Event "World Rapid 2019"]
[Site "Moscow RUS"]
[Date "2019.12.27"]
[Round "6.70"]
[White "Quparadze, Giga"]
[Black "Faizrakhmanov, Ramil"]
[Result "0-1"]
[WhiteTitle "GM"]
[BlackTitle "IM"]
[WhiteElo "2462"]
[BlackElo "2434"]
[WhiteFideId "13602250"]
[BlackFideId "24103209"]
[EventDate "2019.12.26"]

1. e4 c6 2. d4 d5 3. Nc3 dxe4 4. Nxe4 Bf5 5. Ng3 Bg6 6. h4 h6 7. Nf3 Nd7 8. h5
Bh7 9. Bd3 Bxd3 10. Qxd3 e6 11. Bf4 Qa5+ 12. Bd2 Bb4 13. c3 Be7 14. c4 Qc7 15.
O-O-O Ngf6 16. Rhe1 Rd8 17. Qe2 O-O 18. Kb1 b5 19. c5 Rfe8 20. Bc1 Bf8 21. Ne4
Nxh5 22. g4 Nf4 23. Qd2 Ng6 24. g5 h5 25. Qc2 e5 26. d5 cxd5 27. Rxd5 Nb8 28.
Rxd8 Rxd8 29. Rh1 Nc6 30. Rxh5 Nb4 31. Qc3 Nd3 32. Be3 Qc6 33. Nfd2 b4 34. Qc4
Ngf4 35. Rh4 Qg6 36. c6 Rc8 37. c7 Qe6 38. Rh1 Qd7 39. g6 Nxg6 40. Ng5 Rxc7 41.
Qe4 Qc6 42. Qxc6 Rxc6 43. Bxa7 Bc5 44. Bxc5 Rxc5 45. Nge4 Rc7 46. f3 f6 47. Ng3
Ngf4 48. Nde4 Nc5 49. Nd6 Nb7 50. Nde4 Ne6 51. Nf5 Nbc5 52. Ned6 Nd3 53. Rg1 Ng5
54. Rd1 Nf2 55. Rd2 Nfh3 56. Ne8 Rf7 57. Nh4 Ng1 58. Rd8 Kh7 59. Rd3 Re7 60. Nd6
Rd7 61. Kc2 N1xf3 62. Nxf3 Nxf3 63. Rxf3 Rxd6 64. Rb3 Rd4 65. a4 bxa3 66. bxa3
g5 67. Rb1 Kg6 68. Ra1 Ra4 69. Kb3 Ra8 70. a4 g4 71. a5 Ra6 72. Kc3 g3 73. Ra2
Kf5 74. Kd3 g2 75. Rf2+ Ke6 76. Rxg2 Rxa5 77. Rg8 Ra3+ 78. Ke2 e4 79. Rb8 Ke5
80. Rh8 f5 81. Kf2 Ra2+ 82. Kg3 f4+ 83. Kg4 Rg2+ 84. Kh3 f3 0-1

[Event "World Rapid 2019"]
[Site "Moscow RUS"]
[Date "2019.12.27"]
[Round "6.71"]
[White "Kazhgaleyev, Murtas"]
[Black "Pashikian, Arman"]
[Result "0-1"]
[WhiteTitle "GM"]
[BlackTitle "GM"]
[WhiteElo "2569"]
[BlackElo "2605"]
[WhiteFideId "13700316"]
[BlackFideId "13301578"]
[EventDate "2019.12.26"]

1. d4 Nf6 2. c4 e6 3. Nc3 Bb4 4. e3 O-O 5. Bd3 d5 6. a3 Bxc3+ 7. bxc3 dxc4 8.
Bxc4 c5 9. Nf3 Qc7 10. Be2 b6 11. O-O Bb7 12. c4 Nbd7 13. Bb2 Rfd8 14. h3 Nf8
15. Qb3 Ng6 16. Rfd1 cxd4 17. exd4 Qf4 18. Qe3 Qf5 19. Bd3 Be4 20. Bxe4 Qxe4 21.
Nd2 Qc2 22. Rab1 Rac8 23. Rdc1 Qf5 24. a4 Nf4 25. Bc3 e5 26. Rb5 Qg6 27. Qf3 Nd3
28. Rd1 exd4 29. Ba1 Nc5 30. Nf1 d3 31. Ne3 Qe4 32. Qg3 Qg6 33. Qf3 Qe4 34. Qg3
Rc6 35. Nd5 Kf8 36. Bxf6 gxf6 37. Ne3 d2 38. Rb2 Rcd6 39. a5 bxa5 40. Rb5 Rc6
41. Rxa5 a6 42. Kh2 Qe5 43. Qxe5 fxe5 44. Ra2 Nb3 45. Rb2 Rd3 46. Rdb1 Nc5 47.
Rd1 Rcd6 48. Nd5 Nb3 49. Kg1 a5 50. Kf1 a4 51. Ra2 Rd4 52. Ne3 Ra6 53. c5 Rc6
54. Nf5 Rc4 55. Ne3 Rb4 56. Nc2 Re4 57. f3 Rf4 58. Na3 Rxc5 59. Nb1 Rc1 60. Ke2
Rd4 61. Rb2 f5 62. Na3 e4 63. Nc2 exf3+ 64. gxf3 Rd8 65. Ne3 f4 66. Nf5 Re8+ 0-1

[Event "World Rapid 2019"]
[Site "Moscow RUS"]
[Date "2019.12.27"]
[Round "6.72"]
[White "Gutenev, Alexander"]
[Black "Indjic, Aleksandar"]
[Result "1/2-1/2"]
[WhiteTitle "IM"]
[BlackTitle "GM"]
[WhiteElo "2469"]
[BlackElo "2619"]
[WhiteFideId "4195540"]
[BlackFideId "911925"]
[EventDate "2019.12.26"]

1. e4 e5 2. Nf3 Nc6 3. Bb5 a6 4. Ba4 Nf6 5. O-O Be7 6. d3 d6 7. c3 O-O 8. Nbd2
h6 9. Re1 b5 10. Bc2 Bb7 11. Nf1 Re8 12. Ng3 Bf8 13. d4 Qc8 14. b3 Nb8 15. d5 c6
16. c4 a5 17. h3 Nbd7 18. Be3 Ba6 19. Bd3 bxc4 20. bxc4 Qc7 21. Rb1 Nc5 22. Bxc5
dxc5 23. Qc2 g6 24. Nf1 h5 25. dxc6 Bh6 26. Rb5 Qxc6 27. Rxa5 Qc7 28. Qc3 Nd7
29. Qa3 Bb7 30. Rxa8 Rxa8 31. Qb2 Rb8 32. Qc3 Ra8 33. Qb2 f6 34. N3d2 Nf8 35.
Ne3 Bxe3 36. fxe3 Ne6 37. Nb1 Bc6 38. Nc3 Qa5 39. Rf1 Kg7 40. Nd5 Rf8 41. h4
Bxd5 42. exd5 Nd8 43. Qf2 f5 44. Qg3 e4 45. Qe5+ Kg8 46. Bb1 Qd2 47. Qg3 Kh7 48.
Bxe4 Nf7 49. Bb1 Nh6 50. Qc7+ Rf7 51. Qxc5 Ng4 52. Qd4 Qe2 53. Qd3 Qb2 54. Qd4
Qe2 55. Qd3 Qb2 56. Qd4 Qe2 57. Bd3 Qd2 58. Bb1 Qe2 59. Bd3 1/2-1/2

[Event "World Rapid 2019"]
[Site "Moscow RUS"]
[Date "2019.12.27"]
[Round "6.73"]
[White "Savchenko, Boris"]
[Black "Carlsson, Pontus"]
[Result "1-0"]
[WhiteTitle "GM"]
[BlackTitle "GM"]
[WhiteElo "2577"]
[BlackElo "2456"]
[WhiteFideId "4147332"]
[BlackFideId "1705814"]
[EventDate "2019.12.26"]

1. e4 c6 2. d3 d5 3. Nd2 e5 4. Ngf3 Nd7 5. d4 exd4 6. exd5 cxd5 7. Nxd4 Bc5 8.
N2b3 Ne7 9. Nxc5 Nxc5 10. Be2 O-O 11. O-O Nf5 12. Nb3 Ne4 13. Qd3 Be6 14. Be3
Re8 15. c3 Qf6 16. Rad1 Nh4 17. f3 Qg6 18. g4 h5 19. Bf4 hxg4 20. fxe4 Nf3+ 21.
Kh1 dxe4 22. Qe3 Bf5 23. Rd5 Be6 24. Rd6 Qh5 25. Nd4 g3 26. Bxg3 Bg4 27. Qf4 g5
28. Qe3 Re7 29. Rd5 f6 30. Bxf3 exf3 31. Qxe7 Bh3 32. Rf2 Bg2+ 33. Kg1 Re8 34.
Rd8 Rxd8 35. Qxd8+ Kf7 36. Qd7+ 1-0

[Event "World Rapid 2019"]
[Site "Moscow RUS"]
[Date "2019.12.27"]
[Round "6.74"]
[White "Gurvich, Vitaly"]
[Black "Gasanov, Eldar"]
[Result "1/2-1/2"]
[WhiteTitle "FM"]
[BlackTitle "GM"]
[WhiteElo "2230"]
[BlackElo "2481"]
[WhiteFideId "24164852"]
[BlackFideId "14104466"]
[EventDate "2019.12.26"]

1. d4 d5 2. c4 e6 3. Nf3 c6 4. g3 Nf6 5. Bg2 Nbd7 6. Qc2 b6 7. O-O Be7 8. Nbd2
Bb7 9. b3 c5 10. dxc5 Nxc5 11. Bb2 O-O 12. Rfd1 Rc8 13. Rac1 Rc7 14. Qb1 Qa8 15.
Qa1 Rd8 16. cxd5 Bxd5 17. b4 Na6 18. a3 Rxc1 19. Rxc1 Nb8 20. Nc4 Nbd7 21. Nce5
Nxe5 22. Bxe5 1/2-1/2

[Event "World Rapid 2019"]
[Site "Moscow RUS"]
[Date "2019.12.27"]
[Round "6.75"]
[White "Jumabayev, Rinat"]
[Black "Lobanov, Sergei"]
[Result "1-0"]
[WhiteTitle "GM"]
[BlackTitle "IM"]
[WhiteElo "2646"]
[BlackElo "2504"]
[WhiteFideId "13702661"]
[BlackFideId "24183750"]
[EventDate "2019.12.26"]

1. d4 Nf6 2. c4 g6 3. Nc3 d5 4. cxd5 Nxd5 5. e4 Nxc3 6. bxc3 Bg7 7. Be3 c5 8.
Qd2 Qa5 9. Nf3 O-O 10. Rb1 Nd7 11. Bd3 e5 12. d5 f5 13. c4 Qc7 14. Bg5 Qd6 15.
Bh6 Nf6 16. Bxg7 Kxg7 17. Qe2 fxe4 18. Bxe4 Nxe4 19. Qxe4 Rf4 20. Qe3 Rxc4 21.
O-O b6 22. Rfe1 Bf5 23. Nxe5 Rd4 24. Nc6 Bxb1 25. Nxd4 Bxa2 26. Ne6+ Kg8 27. Qd2
Qxd5 28. Qxd5 Bxd5 29. Nc7 Rd8 30. Rd1 Kf7 31. Nxd5 b5 32. Kf1 a5 33. Ke2 b4 34.
Nb6 Rb8 35. Nd7 Rb5 36. Kd3 b3 37. Kc4 Rb4+ 38. Kxc5 Ke6 39. Nb6 b2 40. Rb1 Kf5
41. Nc4 Ke4 42. Rxb2 Kd3 43. Ne5+ Kc3 44. Ra2 Rh4 45. Ra3+ Kb2 46. Rxa5 Rxh2 47.
g3 Kb3 48. Ra7 h5 49. Rf7 g5 50. Kd4 h4 51. gxh4 gxh4 52. Ke3 h3 53. Nf3 Rh1 54.
Rh7 Kc4 55. Rh5 Kc3 56. Ke4 1-0

[Event "World Rapid 2019"]
[Site "Moscow RUS"]
[Date "2019.12.27"]
[Round "6.76"]
[White "Harsha, Bharathakoti"]
[Black "Ruck, Robert"]
[Result "1-0"]
[WhiteTitle "GM"]
[BlackTitle "GM"]
[WhiteElo "2523"]
[BlackElo "2530"]
[WhiteFideId "5078776"]
[BlackFideId "705713"]
[EventDate "2019.12.26"]

1. c4 e5 2. g3 Nf6 3. Bg2 d5 4. cxd5 Nxd5 5. Nc3 Nb6 6. d3 Be7 7. Nh3 O-O 8. O-O
Nc6 9. f4 exf4 10. Nxf4 Rb8 11. Kh1 Nd4 12. a4 a5 13. Be3 c6 14. Bg1 Ne6 15. Qb3
Bb4 16. Na2 Nxf4 17. gxf4 Be6 18. Qc2 Be7 19. Nc3 f6 20. f5 Bf7 21. e4 c5 22.
Nb5 Nd7 23. Rfd1 Rc8 24. Qe2 Qe8 25. Qe1 b6 26. Qg3 Ne5 27. Be3 Kh8 28. Bf4 Nc6
29. Rg1 Rg8 30. Rae1 Qd7 31. Qh4 Ne5 32. Re3 g5 33. fxg6 Nxg6 34. Qf2 Be6 35.
Rd1 Nxf4 36. Qxf4 Rg4 37. Qf2 Rcg8 38. Bh3 R4g6 39. Bxe6 Qxe6 40. Qf3 Bd6 41.
Nxd6 Qxd6 42. Rf1 Qd4 43. b3 Qb2 44. Re2 Qxb3 45. h4 Qc3 46. e5 Qd4 47. Re4 Qd8
48. exf6 Rg3 49. f7 Rxf3 50. fxg8=Q+ Kxg8 51. Rxf3 h5 52. Ref4 Qd5 53. Kg1 Qe5
54. Re4 Qa1+ 55. Kg2 Qb2+ 56. Kh3 Qa1 57. Kg2 Qb2+ 58. Kh3 Qa1 59. Kg3 Qg1+ 60.
Kf4 Kf7 61. Ke5+ Ke7 62. Kd5+ Kd7 63. Rf7+ Kd8 64. Rf6 Qb1 65. Kc6 Qh1 66. Rf8# 1-0

[Event "World Rapid 2019"]
[Site "Moscow RUS"]
[Date "2019.12.27"]
[Round "6.77"]
[White "Vavulin, Maxim"]
[Black "Vastrukhin, Oleg"]
[Result "1/2-1/2"]
[WhiteTitle "GM"]
[BlackTitle "IM"]
[WhiteElo "2556"]
[BlackElo "2428"]
[WhiteFideId "4169530"]
[BlackFideId "4192770"]
[EventDate "2019.12.26"]

1. e4 e6 2. d4 d5 3. Nd2 c5 4. Ngf3 Nc6 5. Bb5 cxd4 6. Nxd4 Bd7 7. Nxc6 bxc6 8.
Bd3 Bd6 9. Qe2 e5 10. exd5 cxd5 11. c4 Nf6 12. cxd5 Nxd5 13. Be4 Nf4 14. Qa6 Bc5
15. O-O O-O 16. Nb3 Rc8 17. Bxf4 exf4 18. Nxc5 Rxc5 19. Qxa7 Ra5 20. Qd4 Be6 21.
Qxd8 Rxd8 22. a3 f5 23. Bf3 Bb3 24. Rac1 g5 25. Rc3 Rb8 26. h3 Bf7 27. b4 Ra7
28. Re1 Kg7 29. Re5 Bg6 30. Rec5 Kh6 31. Rc7 Ra6 32. Rb7 Re8 33. b5 Re1+ 34. Kh2
Rd6 35. b6 Rb1 36. Rc6 Rd2 37. Rbc7 Rdb2 38. b7 g4 39. hxg4 fxg4 40. Be4 Re1 41.
Bd3 Kg5 42. Rc5+ Kh4 43. Rc4 Bxd3 44. Rxf4 Rbb1 45. g3+ Kg5 46. Rc5+ Kh6 47.
Rc6+ Bg6 48. Rxg4 Rxb7 49. Rb4 Rxb4 50. axb4 Rb1 51. Rc4 Kg5 52. Kg2 Rb3 53. Rf4
Bh5 54. Kh2 Bf3 55. Kh3 h5 56. Kh2 Bb7 57. Rf7 Rxb4 58. Rg7+ Kf6 59. Rg8 Bd5 60.
Rf8+ Kg6 61. f3 Rb7 62. g4 hxg4 63. fxg4 Rb3 64. Rf5 Be6 65. Ra5 Bxg4 66. Kg2
Bf5 67. Kf2 Kg5 68. Ra4 Bd7 69. Rd4 Bc6 70. Rc4 Bb7 71. Rd4 Kf5 72. Rh4 Ke5 73.
Rh8 Kd4 74. Rh7 Rb2+ 75. Kg3 Ke3 76. Rh2 Rb6 77. Rh4 Bf3 78. Ra4 Rg6+ 79. Kh4
Be4 80. Kh5 Rg1 81. Ra7 Kf4 82. Rf7+ Bf5 83. Kh6 Rg6+ 84. Kh7 Ke5 85. Kh8 Ke6
86. Rg7 Rh6+ 87. Kg8 Be4 88. Ra7 Rh1 89. Ra6+ Ke7 90. Ra7+ Kf6 91. Ra6+ Ke5 92.
Ra5+ Bd5+ 93. Kg7 Rg1+ 94. Kh6 Ke6 95. Kh5 Ke5 96. Rb5 Rd1 97. Kg5 Rd2 98. Ra5
Rg2+ 99. Kh5 Ke4 100. Kh6 Be6 101. Rg5 Ra2 102. Kg7 Bf5 103. Rg1 Ra7+ 104. Kf6
Ra6+ 105. Ke7 Ke5 106. Re1+ Be4 107. Ke8 Ra7 108. Re2 Kd4 109. Re1 Kd5 110. Kf8
Bf5 111. Re7 Ra6 112. Re1 Be6 113. Kg7 Ra7+ 114. Kf6 Rf7+ 115. Kg6 Rf4 116. Rd1+
Ke5 117. Re1+ Kd6 118. Kg5 Rf2 119. Rd1+ Bd5 120. Re1 Bc4 121. Kg4 Kd5 122. Re8
Kd4 123. Kg5 Bd5 1/2-1/2

[Event "World Rapid 2019"]
[Site "Moscow RUS"]
[Date "2019.12.27"]
[Round "6.79"]
[White "Blohberger, Felix"]
[Black "Triapishko, Alexandr"]
[Result "1/2-1/2"]
[WhiteTitle "IM"]
[BlackTitle "IM"]
[WhiteElo "2434"]
[BlackElo "2502"]
[WhiteFideId "1632051"]
[BlackFideId "14122286"]
[EventDate "2019.12.26"]

1. d4 Nf6 2. Nf3 g6 3. b3 Bg7 4. Bb2 c5 5. dxc5 Qa5+ 6. Nbd2 O-O 7. e3 Qxc5 8.
c4 b6 9. Be2 Bb7 10. O-O d6 11. Rc1 Nbd7 12. Nb1 Rac8 13. Nc3 Ne4 14. Nxe4 Bxe4
15. Qd2 Bxb2 16. Qxb2 Bxf3 17. Bxf3 Qe5 18. Qa3 Qa5 19. Qb2 Qe5 20. Qa3 Rc7 21.
Rfd1 Nf6 22. Rd4 Rfc8 23. Rcd1 Qa5 24. Qb2 b5 25. Be2 Qb6 26. R4d2 bxc4 27. Bxc4
Kg7 28. h3 a5 29. Be2 Rc5 30. a3 Rb8 31. Rb1 Rc7 32. b4 axb4 33. axb4 Kg8 34. b5
Ne4 35. Rc2 Nc5 36. Ra1 Ra7 37. Rxa7 Qxa7 38. Rc1 Qb6 39. Qa3 Kg7 40. h4 h6 41.
Ra1 e5 42. Qc3 Rb7 43. Rd1 Ra7 44. Qd2 Rd7 45. Qd5 Na4 46. Qc6 Rc7 47. Qxb6 Nxb6
48. Rxd6 Rc1+ 49. Kh2 Na4 50. Rc6 Rb1 51. Rc7 Nb6 52. Rb7 Nc8 53. Rd7 Nb6 54.
Rd6 Rb2 55. Rxb6 Rxe2 56. Kg3 Rb2 57. h5 gxh5 58. f3 f5 59. Rb7+ Kg6 60. Rb6+
Kg7 61. Re6 Rxb5 62. Kh4 e4 63. fxe4 fxe4 64. Rxe4 Rg5 65. g3 Kg6 66. Re6+ Kg7
67. Re4 Kg6 68. Kh3 Ra5 69. Re6+ Kg5 70. Kg2 h4 71. gxh4+ Kxh4 72. Rxh6+ Kg5 73.
Rh8 Kf6 1/2-1/2